000 00572nam a2200205Ia 4500
005 20250923145541.0
008 008 250917s9999 xx 000 0 eng d
037 _aTextual
040 _aDSWL
_beng
_cDSWL
041 _aeng
_2eng
084 _aY80aYX, N79
_qDSWL
100 _aSmith, G.
_9836502
245 0 _aSocial work and the sociology of organization
_c by G.Smith
260 _aLondon
_bRoutledge
_c1979
300 _axii,108p.
365 _aGBP
_b2.95
925 _g2.95
942 _cTEXL
_hY80aYX, N79
999 _c1452750
_d1452750